| 000 | 01258nam a22002777a 4500 | ||
|---|---|---|---|
| 003 | OSt | ||
| 005 | 20230130102556.0 | ||
| 007 | cr ||||||a|c|a | ||
| 008 | 230124b2022 mx ||||fom||| 001 0 spa d | ||
| 040 | _erda | ||
| 100 | 1 |
_9133584 _aAlejo Muñoz, James |
|
| 245 | 1 |
_aEstrategias digitales para la adaptación tenológica: _bel uso de la realidad aumentada como iniciativas individual de las TIC en la Universidad Autónoma Chapingo / _cpor James Alejo Muñoz; director de tesis Artemio Cruz León |
|
| 264 | 1 |
_aChapingo, México : _bEl autor, _c2022. |
|
| 300 | _a1 recurso en línea (144 páginas). | ||
| 336 |
_2rdacontent _atexto _btxt |
||
| 337 |
_2rdamedia _acomputadora _bc |
||
| 338 |
_2rdacarrier _arecurso en línea _bcr |
||
| 502 |
_bDCEAS _cSociología _d2022. _gDOC |
||
| 504 | _aIncluye referencias bibliográficas: páginas 67-73, 92-95, 119-121, 137-144 | ||
| 650 | 4 |
_9133215 _aEducación superior _xEstrategias de aprendizaje |
|
| 650 | 4 |
_9142779 _aAdopción de innovaciones |
|
| 650 | 4 |
_9111961 _aTecnología de la información |
|
| 700 | 1 |
_929466 _aCruz León, Artemio _eDirector de tesis |
|
| 856 |
_uhttp://10.13.5.2/tesis/td/2022_SR_Alejo_Munoz_James.pdf _zDESCARGAR PDF |
||
| 942 |
_2Clasificación Universidad Autónoma Chapingo _cTD |
||
| 999 |
_c218155 _d218155 |
||